Family budget of rubber plantation workers in Kozhikode disrict: Report of a survey (Record no. 43338)

MARC details
000 -LEADER
fixed length control field 00376nam a2200121Ia 4500
082 ## - DEWEY DECIMAL CLASSIFICATION NUMBER
Classification number NR:331 (548.3)
Item number KRI;1
100 ## - MAIN ENTRY--AUTHOR NAME
Personal name Haridasan, V
245 #0 - TITLE STATEMENT
Title Family budget of rubber plantation workers in Kozhikode disrict: Report of a survey
260 ## - PUBLICATION, DISTRIBUTION, ETC. (IMPRINT)
Place of publication Kottayam
Name of publisher Rubber Board
Year of publication 1976
700 ## - ADDED ENTRY--PERSONAL NAME
Personal name Krishnan Kutty, P N
942 ## - ADDED ENTRY ELEMENTS (KOHA)
Koha item type Books
Holdings
Withdrawn status Lost status Damaged status Not for loan Home library Current library Date acquired Source of acquisition Full call number Accession Number Koha item type
        RRII Library RRII Library 16/12/2021 Gift NR:331 (548.3) KRI;1 G00060 Books